000 00320nam a2200121Ia 4500
008 180205s9999 xx 000 0 und d
020 _a9781259255045
100 _aBodie, Zvi
245 _aEssentials of Investments /
250 _a10h ed
260 _aNew york :
_bMc Graw Hill education
_c2017
300 _av, 735 pages
999 _c354919
_d354919